01137nab a22002177a 4500003000400000005001700004008004100021040000700062100002500069245011800094260007300212300001300285500007200298505024000370505008900610650002900699650001500728650001400743650002900757773013300786OSt20251226225814.0190603e xxum|||| |||| 00| 0 spa d cPJ aIglesias, Mariana B.13aLa partición privada a 10 años de vigencia del Código Civil y Comercial de Nación /cMariana B. Iglesias. cCiudad Autónoma de Buenos Aires :aThomson Reuters La Ley, b2025. ap. 51-61 aCita: TR LALEY AR/DOC/1756/2025 Publicado en: RCCyC 2025 (agosto). aSumario: I. A modo de introducción: el derecho sucesorio a 10 años de vigencia del Cód. Civ. y Com.— II. La partición privada en el Cód. Civ. y Com.— III. La partición privada en la jurisprudencia.— IV. Conclusión.  t¿Te interesa el texto completo? Solicitalo al correo: koha@justierradelfuego.gov.ar 0aCODIGO CIVIL Y COMERCIAL 0aSUCESIONES 0aHEREDEROS 0aPARTICION DE LA HERENCIA0 02713dCiudad Autónoma de Buenos Aires : Thomson Reuters La Ley, 2015-tRevista Código Civil y Comercial. Nº 4 - Agosto 2025